Statistiken für Spotify: Meiste monatliche Hörer (02/2024)

Klicken Sie hier um das Quiz zu spielen!

Allgemein

  • Dieses Quiz wurde 104 mal gespielt
  • Das Durchschnittsergebnis liegt bei 21 aus 30

Antwortstatistiken

HintAntwort% Korrekt
72.491Ed Sheeran
97%
103.326Taylor Swift
97%
85.268Drake
92%
71.609Eminem
90%
82.796Rihanna
90%
67.296Billie Eilish
88%
117.203The Weeknd
88%
72.928Bruno Mars
84%
77.114Justin Bieber
83%
62.127Miley Cyrus
82%
59.465Imagine Dragons
81%
73.340Coldplay
79%
58.619Katy Perry
79%
65.302Travis Scott
78%
72.683Dua Lipa
75%
62.796Maroon 5
74%
83.904Ariana Grande
70%
59.875Post Malone
70%
70.442David Guetta
69%
59.827Olivia Rodrigo
69%
59.025Nicki Minaj
67%
59.106Shakira
65%
66.650Kanye West
57%
68.205Marshmello
56%
68.914Doja Cat
53%
72.048Bad Bunny
44%
66.77121 Savage
40%
62.159Calvin Harris
40%
66.326SZA
35%
59.241Peso Pluma
9%

Verteilung der Resultate

Perzentil nach korrekt beantworteten Fragen

Anzahl Personen mit jedem Resultat

Ihre Resultats-Entwicklung

Sie haben dieses Quiz noch nicht gespielt